Live Action Spider-Man Villains - Statistics

General Stats
  • This quiz has been taken 16 times
  • The average score is 11 of 18
Answer Stats
Appearence Villain % Correct
Morbius Morbius
93%
Spider-Man: Homecoming Vulture
86%
Venom: Let There Be Carnage Carnage
79%
Spider-Man 2Spider-Man: No Way Home Doctor Octopus
79%
The Amazing Spider-ManSpider-Man: No Way Home Lizard
79%
The Amazing Spider-Man 2Spider-Man: No Way Home Electro
71%
Spider-ManSpider-Man: No Way Home Green Goblin
71%
Spider-Man 3Spider-Man: No Way Home Sandman
71%
Spider-Man 3Venom Spider-Man: No Way Home Venom
71%
Spider-Man: Far From Home Mysterio
64%
The Amazing Spider-Man 2 Rhino
57%
Venom: The Last Dance Knull
50%
Kraven the Hunter Kraven the Hunter
43%
Venom Riot
43%
Spider-Man: Brand New Day Scorpion
36%
Spider-Man: Homecoming Shocker
36%
Spider-Man: Brand New Day Boomerang
21%
Spider-Man: Brand New Day Tarantula
14%
No matching quizzes found
Score Distribution
Percent of People with Each Score
Percentile by Number Answered
Your Score History
You have not taken this quiz